[Event "39th World U20 ch"]
[Site "Yerevan ARM"]
[Date "2000.09.18"]
[Round "1.1"]
[White "Malakhov, Vladimir"]
[Black "Mateuta, Gabriel"]
[Result "1-0"]
[WhiteElo "2605"]
[BlackElo "2409"]
[EventDate "2000.09.18"]
[PlyCount "51"]

1.e4 c6 2.Nc3 d5 3.Nf3 Bg4 4.h3 Bxf3 5.Qxf3 e6 6.Be2 g6 7.d4 Bg7 8.Be3 Ne7
9.O-O-O Qa5 10.Kb1 Nd7 11.g4 b5 12.exd5 cxd5 13.Nxb5 O-O 14.Bf4 Nc6 15.Bc7
Nb6 16.c3 a6 17.b4 Qa4 18.Bxb6 axb5 19.Rd2 e5 20.dxe5 Nxe5 21.Qxd5 Rfc8 
22.Bc5 Qa3 23.Rc2 Rd8 24.Qe4 Nc4 25.Bxc4 Bxc3 26.Qf3 1-0

[Event "39th World U20 ch"]
[Site "Yerevan ARM"]
[Date "2000.09.18"]
[Round "1.3"]
[White "Asrian, Karen"]
[Black "Pridorozhny, Alexei"]
[Result "1-0"]
[WhiteElo "2566"]
[BlackElo "2396"]
[EventDate "2000.09.18"]
[PlyCount "79"]

1.e4 c5 2.Nf3 Nc6 3.d4 cxd4 4.Nxd4 Nf6 5.Nc3 e5 6.Ndb5 d6 7.Bg5 a6 8.Na3 
b5 9.Nd5 Be7 10.Bxf6 Bxf6 11.c3 Bg5 12.Nc2 O-O 13.a4 bxa4 14.Rxa4 a5 15.
Bb5 Bb7 16.O-O Ne7 17.Bc4 Rb8 18.Nxe7+ Qxe7 19.Qd3 Qc7 20.Ra2 Bc6 21.b4 
axb4 22.Nxb4 Ra8 23.Rxa8 Bxa8 24.Bd5 Bxd5 25.Nxd5 Qc5 26.g3 g6 27.h4 Bd8 
28.Rb1 f5 29.exf5 Rxf5 30.Ne3 Rf8 31.Rb7 Rf7 32.Rb8 Rf8 33.Qd2 Kg7 34.Ng4 
Qc7 35.Ra8 Qd7 36.Nxe5 Qb7 37.Qa2 Bb6 38.Rxf8 Kxf8 39.Nc4 Bc5 40.Qe2 1-0

[Event "39th World U20 ch"]
[Site "Yerevan ARM"]
[Date "2000.09.18"]
[Round "1.5"]
[White "Bruzon Batista, Lazaro"]
[Black "Kabanov, Nikolai"]
[Result "1-0"]
[WhiteElo "2534"]
[BlackElo "2385"]
[EventDate "2000.09.18"]
[PlyCount "83"]

1.c4 g6 2.g3 Bg7 3.Bg2 c5 4.e3 Nc6 5.Ne2 e5 6.Nbc3 Nge7 7.O-O O-O 8.Rb1 d6
9.a3 a5 10.b3 Rb8 11.Bb2 Bf5 12.d3 Qd7 13.Re1 h6 14.Qd2 Rfc8 15.Nb5 Be6 
16.d4 cxd4 17.exd4 d5 18.cxd5 Bxd5 19.dxe5 Rd8 20.Rbd1 Bxe5 21.Nbc3 Qf5 
22.Nxd5 Nxd5 23.Bxe5 Nxe5 24.f4 Nf6 25.Nd4 Rxd4 26.Qxd4 Ned7 27.Re7 Qc5 
28.Qxc5 Nxc5 29.b4 axb4 30.axb4 Kf8 31.Rc7 Na6 32.Rc4 Ne8 33.Rd7 b5 34.
Rcd4 Nac7 35.Bd5 Nxd5 36.R4xd5 Rb6 37.Rc5 Nd6 38.Rcc7 Kg7 39.Kf1 Kf6 40.
Ke2 Ke6 41.Kd3 Kd5 42.Re7 1-0

[Event "39th World U20 ch"]
[Site "Yerevan ARM"]
[Date "2000.09.18"]
[Round "1.6"]
[White "Al-Sayed, Mohamad Naser"]
[Black "Zhang Pengxiang"]
[Result "0-1"]
[WhiteElo "2370"]
[BlackElo "2525"]
[EventDate "2000.09.18"]
[PlyCount "92"]

1.e4 e6 2.d4 d5 3.Nc3 Bb4 4.e5 c5 5.Bd2 cxd4 6.Nb5 Bc5 7.Qg4 Ne7 8.b4 a6 
9.bxc5 axb5 10.Qxg7 Rg8 11.Qxh7 Qc7 12.Nf3 Bd7 13.Be2 Nbc6 14.Bf4 O-O-O 
15.Qd3 f6 16.exf6 Qxf4 17.fxe7 Rde8 18.g3 Qf6 19.Qxb5 Nxe7 20.Qb2 e5 21.a4
Nc6 22.Rb1 e4 23.Nd2 Kd8 24.Qb6+ Ke7 25.Qc7 Rc8 26.Qd6+ Qxd6 27.cxd6+ Kxd6
28.Rxb7 Ne5 29.f4 exf3 30.Nxf3 Nxf3+ 31.Bxf3 Rxc2 32.O-O Rf8 33.Be2 Rxf1+ 
34.Bxf1 Bf5 35.Rb3 Rc3 36.Rb2 d3 37.Rd2 Rc2 38.Rd1 d2 39.Kf2 Ke5 40.Ke3 
d4+ 41.Kf2 Ke4 42.a5 Bg4 43.Be2 Bxe2 44.Kxe2 d3+ 45.Kf2 Rc1 46.Rxd2 Rc2 
0-1

[Event "39th World U20 ch"]
[Site "Yerevan ARM"]
[Date "2000.09.18"]
[Round "1.7"]
[White "Blehm, Pawel"]
[Black "Senff, Martin"]
[Result "0-1"]
[WhiteElo "2510"]
[BlackElo "2354"]
[EventDate "2000.09.18"]
[PlyCount "80"]

1.e4 c5 2.Nf3 d6 3.d4 cxd4 4.Nxd4 Nf6 5.Nc3 a6 6.Be3 e5 7.Nb3 Be6 8.f3 
Nbd7 9.g4 Nb6 10.Qd2 d5 11.O-O-O d4 12.Nxd4 exd4 13.Bxd4 Qc7 14.Qe3 Nbd7 
15.g5 Nh5 16.Nd5 Bxd5 17.exd5+ Kd8 18.d6 Bxd6 19.Qb3 Nf4 20.Bxg7 Re8 21.
Qxf7 Rc8 22.c3 Qc6 23.Bd3 Kc7 24.Be4 Rxe4 25.fxe4 Qxe4 26.Rxd6 Ne2+ 27.Kd2
Kxd6 28.Rf1 Re8 29.Rf5 Qe3+ 30.Kc2 Qe4+ 31.Kd2 b5 32.Rf3 Nd4 33.cxd4 Qe1+ 
34.Kc2 Re2+ 35.Kb3 Qd1+ 36.Kb4 Qa4+ 37.Kc3 Qc2+ 38.Kb4 Qa4+ 39.Kc3 b4+ 40.
Kc4 Nb6+ 0-1

[Event "39th World U20 ch"]
[Site "Yerevan ARM"]
[Date "2000.09.18"]
[Round "1.8"]
[White "Saric, Ibro"]
[Black "De Vreugt, Dennis"]
[Result "0-1"]
[WhiteElo "2345"]
[BlackElo "2511"]
[EventDate "2000.09.18"]
[PlyCount "70"]

1.d4 Nf6 2.Nf3 d5 3.c4 c6 4.Nc3 dxc4 5.a4 Na6 6.e4 Bg4 7.Bxc4 e6 8.O-O Be7
9.Qe2 Nb4 10.Rd1 O-O 11.a5 Bxf3 12.gxf3 g6 13.Kh1 Qc7 14.f4 Nh5 15.Rg1 Ng7
16.Be3 Rad8 17.Rg3 Kh8 18.Rh3 Kg8 19.f5 exf5 20.Bh6 fxe4 21.Bxg7 Kxg7 22.
Qd2 h5 23.Nxe4 h4 24.Rf3 Nd5 25.Ng5 Bxg5 26.Qxg5 Qe7 27.Qd2 Qe4 28.Qd3 
Qxd3 29.Rxd3 Nf4 30.Rd2 Rfe8 31.Bf1 a6 32.h3 Rd5 33.Bc4 Rd7 34.Kh2 Re4 35.
Rad1 c5 0-1

[Event "39th World U20 ch"]
[Site "Yerevan ARM"]
[Date "2000.09.18"]
[Round "1.9"]
[White "Iliushin, Alexei"]
[Black "Mahjoob, Morteza"]
[Result "1-0"]
[WhiteElo "2509"]
[BlackElo "2337"]
[EventDate "2000.09.18"]
[PlyCount "86"]

1.d4 f5 2.Nf3 Nf6 3.g3 g6 4.Bg2 Bg7 5.O-O O-O 6.b4 d6 7.Bb2 c6 8.c4 Qe8 9.
Nbd2 h6 10.e3 g5 11.Qc2 Na6 12.Bc3 Nc7 13.a4 a6 14.Qb2 Bd7 15.Ne1 Qf7 16.
Qc2 Rad8 17.Nd3 Qh5 18.f3 Bc8 19.Rae1 Qg6 20.Bb2 Kh8 21.f4 Bd7 22.Nf2 Rc8 
23.Nb3 b5 24.Na5 bxc4 25.Qxc4 Ncd5 26.Ba3 Rg8 27.fxg5 hxg5 28.Qxa6 f4 29.
exf4 gxf4 30.Qd3 Bf5 31.Qf3 Ne3 32.Qxf4 Nxf1 33.Rxf1 Nh5 34.Qe3 d5 35.Bb2 
Rce8 36.Nb3 Bh6 37.Qe2 Nf4 38.Qe5+ Kh7 39.Bf3 Nd3 40.Nxd3 Bxd3 41.Bh5 Qe4 
42.Rf7+ Rg7 43.Rxg7+ Bxg7 1-0

[Event "39th World U20 ch"]
[Site "Yerevan ARM"]
[Date "2000.09.18"]
[Round "1.10"]
[White "Wegener, Olaf"]
[Black "Yakovenko, Dmitry"]
[Result "0-1"]
[WhiteElo "2336"]
[BlackElo "2506"]
[EventDate "2000.09.18"]
[PlyCount "54"]

1.e4 c5 2.Nf3 e6 3.d4 cxd4 4.Nxd4 Nc6 5.Nc3 a6 6.Be2 Qc7 7.Be3 Nf6 8.O-O 
b5 9.Nxc6 dxc6 10.a3 Bb7 11.f4 c5 12.e5 Nd7 13.Qe1 Be7 14.Qg3 g6 15.Rfd1 
Nb6 16.Qf2 O-O 17.Rd2 f6 18.exf6 Rxf6 19.Rf1 Raf8 20.Qe1 Bd6 21.Bxb5 Nd5 
22.Bc4 Nxe3 23.Qxe3 Bxf4 24.Rxf4 Qxf4 25.Qe2 Kh8 26.h3 Qg3 27.Na4 Bxg2 0-1

[Event "39th World U20 ch"]
[Site "Yerevan ARM"]
[Date "2000.09.18"]
[Round "1.11"]
[White "Gershon, Alik"]
[Black "Skytte, Rasmus"]
[Result "1-0"]
[WhiteElo "2502"]
[BlackElo "2323"]
[EventDate "2000.09.18"]
[PlyCount "63"]

1.e4 c5 2.Nf3 Nc6 3.d4 cxd4 4.Nxd4 Qc7 5.Nc3 e6 6.Nb3 a6 7.Bd3 b5 8.O-O 
Bb7 9.f4 Na5 10.Qe2 h5 11.e5 Nh6 12.Be4 Bxe4 13.Nxe4 Nf5 14.Nxa5 Qxa5 15.
Be3 Qb4 16.Bf2 Rc8 17.c3 Qc4 18.Qf3 d6 19.exd6 Bxd6 20.Nxd6+ Nxd6 21.Rfe1 
g6 22.h3 Qc6 23.Qe2 h4 24.Qe5 Rh5 25.Qg7 Nf5 26.Qf6 Qc7 27.Rad1 Qe7 28.Qe5
Ng3 29.Qe3 Qc7 30.Bxg3 hxg3 31.Qxg3 Rd8 32.Rxe6+ 1-0

[Event "39th World U20 ch"]
[Site "Yerevan ARM"]
[Date "2000.09.18"]
[Round "1.12"]
[White "Simutowe, Amon"]
[Black "Halkias, Stelios"]
[Result "1/2-1/2"]
[WhiteElo "2322"]
[BlackElo "2502"]
[EventDate "2000.09.18"]
[PlyCount "100"]

1.d4 d5 2.c4 e6 3.Nc3 c5 4.cxd5 exd5 5.Nf3 Nc6 6.g3 Nf6 7.Bg2 Be7 8.O-O 
O-O 9.dxc5 Bxc5 10.Bg5 d4 11.Bxf6 Qxf6 12.Ne4 Qe7 13.Nxc5 Qxc5 14.Rc1 Qb6 
15.Qd2 Be6 16.b3 h6 17.Rfd1 Rfd8 18.Ne1 Nb4 19.Nd3 Nd5 20.Bxd5 Rxd5 21.Qf4
Bf5 22.Qc7 g5 23.Qxb6 axb6 24.Nb4 Rc5 25.f3 Re8 26.Kf2 g4 27.f4 Rd8 28.Ra1
Rb5 29.a3 Ra5 30.Rd2 Be6 31.Nc2 d3 32.Rxd3 Rxd3 33.exd3 Bxb3 34.Nd4 Bd5 
35.Ke3 Kf8 36.Kd2 Ke7 37.Kc3 Bg2 38.Ra2 Bd5 39.Re2+ Kf6 40.Kb4 Bc6 41.Ra2 
Ra4+ 42.Kc3 h5 43.Nc2 Ra8 44.Rb2 b5 45.Rb1 h4 46.Re1 hxg3 47.hxg3 Bf3 48.
Kd2 Rh8 49.Kc3 Rc8+ 50.Kd2 Rh8 1/2-1/2

[Event "39th World U20 ch"]
[Site "Yerevan ARM"]
[Date "2000.09.18"]
[Round "1.14"]
[White "Goldenberg, Danny"]
[Black "Ganguly, Surya Shekhar"]
[Result "0-1"]
[WhiteElo "2310"]
[BlackElo "2498"]
[EventDate "2000.09.18"]
[PlyCount "80"]

1.e4 e5 2.Nf3 Nc6 3.Bc4 Nf6 4.d3 Be7 5.O-O O-O 6.Nbd2 d6 7.c3 Na5 8.Bb5 a6
9.Ba4 b5 10.Bc2 c5 11.a4 Be6 12.Re1 Qc7 13.Nf1 Nc6 14.Qe2 h6 15.Ng3 Rad8 
16.axb5 axb5 17.d4 cxd4 18.cxd4 Bg4 19.Nf5 Nxd4 20.N5xd4 exd4 21.Bd3 d5 
22.e5 Nd7 23.e6 Nc5 24.exf7+ Rxf7 25.Bg6 Rf6 26.Qxe7 Qxe7 27.Rxe7 Bxf3 28.
Bc2 Be4 29.Bxe4 dxe4 30.Raa7 Rg6 31.Rac7 Nb3 32.Bf4 d3 33.Rcd7 Rxd7 34.
Rxd7 Rc6 35.g4 Rc4 36.Kf1 Rd4 37.Rxd4 Nxd4 38.Ke1 Nf3+ 39.Kd1 Kf7 40.b3 
Nd4 0-1

[Event "39th World U20 ch"]
[Site "Yerevan ARM"]
[Date "2000.09.18"]
[Round "1.15"]
[White "Acs, Peter"]
[Black "Arutinian, David"]
[Result "1-0"]
[WhiteElo "2497"]
[BlackElo "2309"]
[EventDate "2000.09.18"]
[PlyCount "75"]

1.e4 c5 2.Nf3 Nc6 3.d4 cxd4 4.Nxd4 Nf6 5.Nc3 d6 6.Bg5 e6 7.Qd2 a6 8.O-O-O 
Bd7 9.f4 Qc7 10.Kb1 Be7 11.Nf3 O-O-O 12.Bd3 h6 13.Bh4 Nb4 14.e5 dxe5 15.
fxe5 Nfd5 16.Nxd5 Nxd5 17.c4 Bb4 18.Bxd8 Rxd8 19.Qc1 Ne7 20.Be4 g5 21.h3 
Nf5 22.a3 Bc5 23.Rhe1 Ng3 24.Qc2 Qb6 25.Ka2 Nxe4 26.Qxe4 Rh8 27.b4 Be7 28.
c5 Qc7 29.Nd4 Ba4 30.Rc1 Rd8 31.c6 b6 32.Re2 Rd5 33.Nf3 Bf8 34.Rd2 Rxd2+ 
35.Nxd2 Qd8 36.Nc4 Kc7 37.Qe3 Qb8 38.Qf2 1-0

[Event "39th World U20 ch"]
[Site "Yerevan ARM"]
[Date "2000.09.18"]
[Round "1.16"]
[White "Jirka, Jiri"]
[Black "Solak, Dragan"]
[Result "0-1"]
[WhiteElo "2302"]
[BlackElo "2490"]
[EventDate "2000.09.18"]
[PlyCount "70"]

1.d4 d6 2.Nf3 g6 3.c4 Bg7 4.Nc3 e5 5.g3 Nc6 6.dxe5 dxe5 7.Qxd8+ Kxd8 8.
Bg5+ Nce7 9.O-O-O+ Bd7 10.Bh3 f5 11.Rd2 Ke8 12.Rhd1 Bc6 13.Nb5 Bxb5 14.
cxb5 h6 15.Be3 Nf6 16.Rc2 Nfd5 17.Bc5 e4 18.Nd4 Kf7 19.g4 fxg4 20.Bxg4 Be5
21.h4 Kf6 22.Ne6 c6 23.bxc6 bxc6 24.Ba3 e3 25.Rf1 Nf5 26.Nc5 exf2 27.e4 
Nde3 28.exf5 Nxg4 29.fxg6 Kxg6 30.Nd3 Bg3 31.Rxc6+ Kf5 32.Kd2 Rad8 33.Rc5+
Ke4 34.Rc4+ Kf3 35.Kc2 Ne3+ 0-1

[Event "39th World U20 ch"]
[Site "Yerevan ARM"]
[Date "2000.09.18"]
[Round "1.17"]
[White "Ghaem Maghami, Ehsan"]
[Black "Petrik, Tomas"]
[Result "1-0"]
[WhiteElo "2488"]
[BlackElo "2289"]
[EventDate "2000.09.18"]
[PlyCount "101"]

1.c4 e6 2.Nc3 Nf6 3.e4 c5 4.Nf3 Nc6 5.Be2 d5 6.exd5 exd5 7.d4 Be6 8.Bg5 
cxd4 9.Nxd4 Nxd4 10.Qxd4 dxc4 11.Qh4 Be7 12.Bxc4 Bxc4 13.Qxc4 Qa5 14.Be3 
O-O 15.O-O Rac8 16.Qb3 b6 17.Bd4 Rfd8 18.Rad1 Ne8 19.Rfe1 Bf6 20.Bxf6 Rxd1
21.Qxd1 Nxf6 22.Qd6 h6 23.Re5 Re8 24.f4 Rxe5 25.fxe5 Ng4 26.h3 Nxe5 27.b4 
Nf3+ 28.gxf3 Qg5+ 29.Kf2 Qh4+ 30.Ke3 Qxh3 31.Qb8+ Kh7 32.Qxa7 Qe6+ 33.Kd2 
Qd6+ 34.Kc2 Qxb4 35.Qxf7 Qc5 36.Qd5 Qf2+ 37.Kb3 Kg6 38.Qe6+ Kh7 39.Qf5+ 
Kh8 40.a4 Qe3 41.Qd5 Qe8 42.Ne4 h5 43.Ng5 Qe3+ 44.Kc4 Qe2+ 45.Qd3 Qa2+ 46.
Kb5 Qg8 47.Qe4 Qb3+ 48.Ka6 g6 49.Qe8+ Kg7 50.Ne6+ Kf6 51.Qh8+ 1-0

[Event "39th World U20 ch"]
[Site "Yerevan ARM"]
[Date "2000.09.18"]
[Round "1.18"]
[White "Ginzburg, Mikhail"]
[Black "Bunzmann, Dimitrij"]
[Result "1/2-1/2"]
[WhiteElo "2276"]
[BlackElo "2484"]
[EventDate "2000.09.18"]
[PlyCount "145"]

1.e4 e6 2.d4 d5 3.Nd2 Nf6 4.e5 Nfd7 5.Bd3 c5 6.c3 Nc6 7.Ndf3 f6 8.Ng5 
Ndxe5 9.dxe5 fxg5 10.Qh5+ Kd7 11.Bxg5 Qe8 12.Qe2 Kc7 13.O-O-O c4 14.Bc2 b5
15.Nf3 b4 16.Be3 a5 17.Nd4 Nxd4 18.Bxd4 Rb8 19.Kd2 a4 20.Ra1 Qc6 21.Rhb1 
Ba6 22.Qf3 Be7 23.Qg4 Kd7 24.Ke1 g6 25.Qh3 b3 26.axb3 cxb3 27.Bd3 Bc4 28.
Rd1 Ra8 29.Bxc4 Qxc4 30.Qd3 Kc7 31.Be3 a3 32.bxa3 Rxa3 33.Rxa3 Bxa3 34.Qd4
Qxd4 35.Bxd4 Kc6 36.Kd2 Kb5 37.Kd3 Ka4 38.Rb1 Rd8 39.Bb6 Rc8 40.Bd4 Rc4 
41.h3 Rc8 42.Be3 Rf8 43.Bd4 g5 44.Be3 Rf5 45.Bd4 h6 46.Kd2 Rf4 47.Kd3 h5 
48.Be3 Rf5 49.Bd4 Rf4 50.Be3 Re4 51.Bd4 g4 52.hxg4 Rxg4 53.g3 h4 54.gxh4 
Rxh4 55.Be3 Rh3 56.Kd2 Rh2 57.Kd3 Rh5 58.Bd4 Rh3+ 59.Be3 Bc5 60.Ra1+ Kb5 
61.Rb1 Ka4 62.Ra1+ Ba3 63.Rb1 Rh2 64.Bd4 Rh5 65.Kd2 Bf8 66.Ra1+ Kb5 67.Kd3
b2 68.Rb1 Ba3 69.Rg1 Rh8 70.Rb1 Ra8 71.Be3 Ra5 72.Bd4 Ra4 73.Be3 1/2-1/2

[Event "39th World U20 ch"]
[Site "Yerevan ARM"]
[Date "2000.09.18"]
[Round "1.19"]
[White "Jobava, Baadur"]
[Black "Jakic, Ivan"]
[Result "1-0"]
[WhiteElo "2480"]
[BlackElo "2272"]
[EventDate "2000.09.18"]
[PlyCount "55"]

1.d4 d5 2.c4 c6 3.Nf3 Nf6 4.Nc3 e6 5.Bg5 dxc4 6.e4 b5 7.e5 h6 8.Bh4 g5 9.
Nxg5 hxg5 10.Bxg5 Nbd7 11.g3 Bb7 12.Bg2 Qb6 13.exf6 Bh6 14.Bxh6 Rxh6 15.
Qd2 Rxf6 16.Ne4 Rg6 17.Nd6+ Kf8 18.h4 e5 19.Nxb7 exd4 20.O-O-O d3 21.h5 
Rf6 22.h6 Qxb7 23.Rde1 b4 24.Qg5 Rg6 25.Qe7+ Kg8 26.h7+ Kg7 27.Qe8 d2+ 28.
Kxd2 1-0

[Event "39th World U20 ch"]
[Site "Yerevan ARM"]
[Date "2000.09.18"]
[Round "1.20"]
[White "Fernando, Diogo"]
[Black "Lopez Martinez, Josep Manuel"]
[Result "0-1"]
[WhiteElo "2257"]
[BlackElo "2477"]
[EventDate "2000.09.18"]
[PlyCount "124"]

1.e4 c5 2.Nf3 d6 3.d4 cxd4 4.Nxd4 Nf6 5.Nc3 Nc6 6.Bc4 Bd7 7.O-O g6 8.Bg5 
Bg7 9.Nxc6 Bxc6 10.Nd5 Bxd5 11.exd5 O-O 12.Re1 Rc8 13.Bb3 Re8 14.c3 Qd7 
15.Qd3 a6 16.h3 h6 17.Bh4 b5 18.Re2 Rc5 19.Rae1 Qb7 20.Bxf6 Bxf6 21.Re4 
Kg7 22.h4 h5 23.g3 Rec8 24.a3 Qb6 25.Qf3 R5c7 26.Kg2 a5 27.Rg1 Rh8 28.Qe2 
Qb7 29.Kh2 Rc5 30.Rf1 Qd7 31.Rd1 Rhc8 32.Ba2 Rb8 33.Bb1 Rcc8 34.Bd3 Rc5 
35.Bb1 Rc4 36.Bd3 Rxe4 37.Qxe4 b4 38.axb4 axb4 39.cxb4 Qa4 40.b3 Qxb4 41.
Qxb4 Rxb4 42.Bc4 Rb7 43.Rd2 Bc3 44.Ra2 Kf6 45.f4 Bd4 46.Kg2 Bc5 47.Kf3 e5 
48.Ra8 Re7 49.Ra4 exf4 50.Kxf4 Be3+ 51.Kf3 Bb6 52.b4 Re3+ 53.Kg2 Re4 54.
Bb5 Bd4 55.Ra3 Ke5 56.Kf3 Re1 57.Bc6 Rb1 58.b5 Rb2 59.g4 hxg4+ 60.Kxg4 f5+
61.Kh3 Ke4 62.b6 Be5 0-1

[Event "39th World U20 ch"]
[Site "Yerevan ARM"]
[Date "2000.09.18"]
[Round "1.21"]
[White "Sargissian, Gabriel"]
[Black "Varela, Gaston"]
[Result "1-0"]
[WhiteElo "2474"]
[BlackElo "2249"]
[EventDate "2000.09.18"]
[PlyCount "73"]

1.c4 e6 2.g3 c5 3.Bg2 Nf6 4.Nf3 Nc6 5.O-O Be7 6.Nc3 O-O 7.d4 cxd4 8.Nxd4 
a6 9.e4 Qc7 10.b3 d6 11.Be3 Bd7 12.Rc1 Nxd4 13.Bxd4 e5 14.Be3 Rac8 15.h3 
Bc6 16.Qd2 Qb8 17.a4 b5 18.cxb5 axb5 19.Nd5 Bxd5 20.exd5 bxa4 21.bxa4 Nd7 
22.Rc6 Qb3 23.a5 Ra8 24.Ra1 f5 25.Rc7 Rad8 26.Bg5 Bxg5 27.Qxg5 Qb8 28.Rac1
Rf6 29.a6 h6 30.Qe3 Nc5 31.Rc6 f4 32.gxf4 Rxf4 33.R1xc5 dxc5 34.Qxc5 Rd4 
35.Qe7 Rd1+ 36.Kh2 e4+ 37.Rc7 1-0

[Event "39th World U20 ch"]
[Site "Yerevan ARM"]
[Date "2000.09.18"]
[Round "1.22"]
[White "Haznedaroglu, Kivanc"]
[Black "Svetuschin, Dumitru"]
[Result "0-1"]
[WhiteElo "2249"]
[BlackElo "2472"]
[EventDate "2000.09.18"]
[PlyCount "96"]

1.e4 c6 2.d4 d5 3.Nc3 dxe4 4.Nxe4 Bf5 5.Ng3 Bg6 6.Bc4 e6 7.N1e2 Bd6 8.O-O 
Nf6 9.f4 Bf5 10.Nxf5 exf5 11.Ng3 g6 12.Re1+ Kf8 13.Qf3 Nbd7 14.Bd2 h5 15.
Qb3 h4 16.Nf1 Nb6 17.Bxf7 Kg7 18.Bc4 Ne4 19.Be3 Qc7 20.Bd3 Rae8 21.Bxe4 
Rxe4 22.Nd2 Ree8 23.g3 hxg3 24.hxg3 g5 25.Kg2 gxf4 26.Bxf4 Bxf4 27.gxf4 
Reg8 28.Qf3 Nd5 29.Rh1 Kf6+ 30.Kf2 Qxf4 31.Qxf4 Nxf4 32.Rxh8 Rxh8 33.Nf3 
Rg8 34.Ke3 Nh3 35.Rf1 Rg3 36.Kd2 f4 37.Ne5 Kf5 38.Nc4 Rg2+ 39.Kc3 Nf2 40.
Nd6+ Kg4 41.Nc4 Kg3 42.Ne5 Ne4+ 43.Kd3 Ng5 44.b4 f3 45.a4 f2 46.Ke2 Ne4 
47.Nf3 Kf4 48.Ne1 Ng3+ 0-1

[Event "39th World U20 ch"]
[Site "Yerevan ARM"]
[Date "2000.09.18"]
[Round "1.23"]
[White "Berg, Emanuel"]
[Black "Asauskas, Henrikas"]
[Result "1/2-1/2"]
[WhiteElo "2456"]
[BlackElo "2245"]
[EventDate "2000.09.18"]
[PlyCount "121"]

1.e4 c5 2.Nf3 d6 3.d4 cxd4 4.Nxd4 Nf6 5.Nc3 g6 6.Be3 Bg7 7.f3 O-O 8.Qd2 
Nc6 9.Bc4 Bd7 10.Bb3 Rc8 11.h4 h5 12.O-O-O Ne5 13.g4 hxg4 14.h5 Nxh5 15.
Bh6 e6 16.Rdg1 Qf6 17.Bxg7 Qxg7 18.fxg4 Nf6 19.g5 Nh5 20.Nce2 Nc4 21.Qd3 
b5 22.Rxh5 gxh5 23.Nf4 Rc5 24.e5 Rxe5 25.Nf3 Rf5 26.Nxh5 Rxf3 27.Bxc4 Rxd3
28.Nf6+ Qxf6 29.gxf6+ Kh7 30.Bxd3+ Kh6 31.Kd2 e5 32.Ke3 d5 33.c3 Rb8 34.a3
Rb6 35.Rg7 Rxf6 36.Rh7+ Kg5 37.Rg7+ Kh4 38.Rh7+ Kg3 39.Rg7+ Kh2 40.Rh7+ 
Kg3 41.Rg7+ Bg4 42.Be2 Rf4 43.Bxg4 Rxg4 44.Rxf7 Re4+ 45.Kd2 Rf4 46.Re7 e4 
47.Ke3 Rf3+ 48.Ke2 Rf2+ 49.Ke3 Kg2 50.Re5 Kf1 51.Rxd5 Re2+ 52.Kd4 e3 53.
Rxb5 Kf2 54.Rf5+ Ke1 55.Kd3 Rf2 56.Rh5 e2 57.Ke3 Kd1 58.Rd5+ Ke1 59.Rh5 
Kd1 60.Rd5+ Ke1 61.Rh5 1/2-1/2

[Event "39th World U20 ch"]
[Site "Yerevan ARM"]
[Date "2000.09.18"]
[Round "1.24"]
[White "Gombac, Jan"]
[Black "Kallio, Heikki"]
[Result "0-1"]
[WhiteElo "2215"]
[BlackElo "2451"]
[EventDate "2000.09.18"]
[PlyCount "84"]

1.e4 d6 2.d4 Nf6 3.Nc3 g6 4.Bg5 Bg7 5.Qd2 c6 6.f3 Nbd7 7.O-O-O h6 8.Bf4 b5
9.g4 Nb6 10.e5 Nfd5 11.Nxd5 Nxd5 12.exd6 exd6 13.h4 Be6 14.Bg3 h5 15.g5 
O-O 16.Bh3 Re8 17.Bxe6 Rxe6 18.Nh3 Qb6 19.Nf4 Nxf4 20.Bxf4 Rae8 21.Rh2 d5 
22.Bg3 b4 23.Rf2 a5 24.b3 a4 25.Bf4 c5 26.Be5 Bxe5 27.dxe5 Rxe5 28.f4 Re4 
29.Qxd5 c4 30.Rfd2 axb3 31.cxb3 c3 32.Rd4 Rxd4 33.Qxd4 Qa5 34.Qf2 Qa6 35.
f5 c2 36.Rd2 Qa3+ 37.Kxc2 Qxa2+ 38.Kc1 Qa1+ 39.Kc2 Qc3+ 40.Kd1 Qxb3+ 41.
Rc2 Qb1+ 42.Kd2 b3 0-1

[Event "39th World U20 ch"]
[Site "Yerevan ARM"]
[Date "2000.09.18"]
[Round "1.25"]
[White "Izoria, Zviad"]
[Black "Kose, Serkan"]
[Result "0-1"]
[WhiteElo "2450"]
[BlackElo "2200"]
[EventDate "2000.09.18"]
[PlyCount "61"]

1.d4 d5 2.c4 e6 3.Nf3 Nf6 4.Nc3 Be7 5.Bg5 O-O 6.e3 h6 7.Bh4 b6 8.Bd3 Bb7 
9.O-O Nbd7 10.Bg3 dxc4 11.Bxc4 a6 12.a4 c5 13.Rc1 Qc8 14.Ba2 Rd8 15.Qe2 
Ne4 16.Rfd1 Ndf6 17.Be5 Nxc3 18.bxc3 Qc6 19.Bb3 Ne4 20.c4 cxd4 21.exd4 
Rac8 22.Qe3 Ba3 23.Ra1 Be7 24.Rac1 Ng5 25.Ne1 Bb4 26.d5 exd5 27.cxd5 Qg6 
28.Rxc8 Rxc8 29.Nd3 Bf8 30.Bd4 Qf5 31.Be5 0-1

[Event "39th World U20 ch"]
[Site "Yerevan ARM"]
[Date "2000.09.18"]
[Round "1.26"]
[White "Kozhukharov, Spas"]
[Black "Fontaine, Robert"]
[Result "1-0"]
[WhiteElo "2196"]
[BlackElo "2449"]
[EventDate "2000.09.18"]
[PlyCount "113"]

1.e4 c6 2.d4 d5 3.Nc3 dxe4 4.Nxe4 Bf5 5.Nc5 b6 6.Nb3 e6 7.Nf3 Nf6 8.g3 a5 
9.a4 Qd5 10.c3 Nbd7 11.Bg2 Qe4+ 12.Be3 Nd5 13.Nh4 Nxe3 14.Bxe4 Nxd1 15.
Bxc6 Rc8 16.Bxd7+ Kxd7 17.Kxd1 Be4 18.f3 Bb7 19.Ke2 h5 20.Ng2 g5 21.Kf2 h4
22.Nd2 f5 23.gxh4 Bd6 24.hxg5 Rh3 25.f4 Rch8 26.Rag1 Ke7 27.Nc4 Bxf4 28.
Nxf4 Rf3+ 29.Ke2 Rxf4 30.Ne5 Ke8 31.Ng6 Re4+ 32.Kf2 Rh5 33.h4 Kf7 34.Ne5+ 
Kg7 35.Rh2 Rhxh4 36.Rxh4 Rxh4 37.Kg3 Re4 38.Kf2 Rf4+ 39.Ke3 Rh4 40.Rf1 
Rh3+ 41.Kf4 Rh2 42.Nc4 Bc6 43.Re1 Rf2+ 44.Ke5 f4 45.Kxe6 Bxa4 46.Ne5 Bb3+ 
47.d5 Rxb2 48.c4 b5 49.Rf1 Rd2 50.Rxf4 bxc4 51.Rf7+ Kg8 52.Ng4 Re2+ 53.Kf6
Bc2 54.g6 Bxg6 55.Kxg6 Rg2 56.Rf4 c3 57.d6 1-0

[Event "39th World U20 ch"]
[Site "Yerevan ARM"]
[Date "2000.09.18"]
[Round "1.27"]
[White "Miton, Kamil"]
[Black "Kruger, Peter Helentus"]
[Result "1-0"]
[WhiteElo "2443"]
[BlackElo "2085"]
[EventDate "2000.09.18"]
[PlyCount "45"]

1.d4 f5 2.c4 Nf6 3.Nc3 e6 4.Qc2 d5 5.Bf4 c6 6.e3 Be7 7.Bd3 Ne4 8.Nge2 O-O 
9.g4 Bh4 10.Bg3 Kh8 11.Nf4 Na6 12.a3 Nc7 13.O-O-O b5 14.cxb5 Nxc3 15.Qxc3 
Nxb5 16.Qxc6 Bxg3 17.hxg3 Bd7 18.Qa6 Qc7+ 19.Kd2 Rfb8 20.Nxe6 Bxe6 21.Qxe6
g6 22.Qe5+ Qg7 23.gxf5 1-0

[Event "39th World U20 ch"]
[Site "Yerevan ARM"]
[Date "2000.09.19"]
[Round "2.3"]
[White "Svetuschin, Dumitru"]
[Black "Asrian, Karen"]
[Result "0-1"]
[WhiteElo "2472"]
[BlackElo "2566"]
[EventDate "2000.09.18"]
[PlyCount "120"]

1.e4 c6 2.d4 d5 3.e5 Bf5 4.Nc3 Qb6 5.Nf3 e6 6.Be2 h6 7.O-O Nd7 8.b3 Ne7 9.
Na4 Qc7 10.Ba3 Ng6 11.Bxf8 Kxf8 12.Bd3 Ne7 13.c4 Bxd3 14.Qxd3 g5 15.Nc3 
Ng6 16.Rac1 Qb6 17.cxd5 cxd5 18.Na4 Qa5 19.Qc2 b5 20.Nc5 Nxc5 21.dxc5 Kg7 
22.Nd4 Rac8 23.g3 Rhg8 24.f4 gxf4 25.gxf4 Kh8 26.Kh1 Qb4 27.Qc3 Qxc3 28.
Rxc3 b4 29.Rc2 a6 30.c6 Rc7 31.f5 Nxe5 32.fxe6 fxe6 33.Rf6 Ng4 34.Rxe6 Rf7
35.Re1 Nf2+ 36.Rxf2 Rxf2 37.c7 Rf7 38.Ne6 Re7 39.Rg1 Rc8 40.Rg6 Kh7 41.Rf6
d4 42.Nxd4 Rcxc7 43.Rxa6 Ra7 44.Rxa7 Rxa7 45.Nc2 Rxa2 46.Nxb4 Rb2 47.Nd5 
Rxb3 48.Kg2 Kg6 49.Nf4+ Kf5 50.Nh3 h5 51.Nf2 h4 52.Nh3 Kg4 53.Nf2+ Kf4 54.
Nh3+ Ke3 55.Ng5 Rb5 56.Nf7 Kf4 57.Kh3 Rb7 58.Nd6 Rd7 59.Nc4 Rd4 60.Na5 Kg5
0-1

[Event "39th World U20 ch"]
[Site "Yerevan ARM"]
[Date "2000.09.19"]
[Round "2.4"]
[White "Kallio, Heikki"]
[Black "Bruzon Batista, Lazaro"]
[Result "0-1"]
[WhiteElo "2451"]
[BlackElo "2534"]
[EventDate "2000.09.18"]
[PlyCount "78"]

1.e4 c5 2.Nc3 Nc6 3.g3 g6 4.Bg2 Bg7 5.d3 d6 6.Nf3 e5 7.O-O Nge7 8.Nd2 O-O 
9.Nc4 Be6 10.a4 Nb4 11.Re1 Qd7 12.Nb5 Nc8 13.c3 Nc6 14.Ne3 N6e7 15.Na3 f5 
16.exf5 gxf5 17.c4 Kh8 18.Nb5 f4 19.Nd5 Nxd5 20.cxd5 Bg4 21.f3 Bh5 22.gxf4
Ne7 23.fxe5 dxe5 24.Be3 Nxd5 25.Bxc5 Rg8 26.Bf2 Nf4 27.Bg3 Nxg2 28.Kxg2 
Raf8 29.Rf1 Rf5 30.Rc1 Rgf8 31.Rc7 Qd5 32.Nc3 Qd8 33.Rxg7 Kxg7 34.Ne4 
Bxf3+ 35.Rxf3 Rxf3 36.Bxe5+ Kg6 37.Qg1 Rf1 38.Qxa7 Qxd3 39.Qb6+ R8f6 0-1

[Event "39th World U20 ch"]
[Site "Yerevan ARM"]
[Date "2000.09.19"]
[Round "2.5"]
[White "Zhang Pengxiang"]
[Black "Sargissian, Gabriel"]
[Result "1/2-1/2"]
[WhiteElo "2525"]
[BlackElo "2474"]
[EventDate "2000.09.18"]
[PlyCount "91"]

1.e4 c6 2.d4 d5 3.e5 Bf5 4.Nc3 Qb6 5.g4 Bd7 6.Na4 Qc7 7.Be3 e6 8.Ne2 Na6 
9.f4 c5 10.Nxc5 Nxc5 11.dxc5 Bxc5 12.Bxc5 Qxc5 13.Qd2 Ne7 14.Ng3 g5 15.
fxg5 Ng6 16.O-O-O Nxe5 17.Be2 O-O-O 18.Kb1 Bc6 19.Qf4 d4 20.Rhe1 Rd7 21.
Nh5 Ng6 22.Qd2 Rd5 23.Bf3 Rxg5 24.Bxc6 bxc6 25.Nf6 Re5 26.Ne4 Qd5 27.c4 
Qd7 28.c5 Rxe4 29.Rxe4 e5 30.Qg5 f6 31.Qxf6 Rf8 32.Qg5 Qd5 33.Ree1 d3 34.
h4 Rf4 35.h5 d2 36.Rg1 Nf8 37.Qe7 e4 38.Qe8+ Kc7 39.g5 Ne6 40.g6 Qd3+ 41.
Ka1 Nd4 42.Qe7+ Kc8 43.Qe8+ Kc7 44.Qe7+ Kc8 45.Qe8+ Kc7 46.Qe7+ 1/2-1/2